| 000 | 00901nam a2200241 a 4500 | ||
|---|---|---|---|
| 001 | 48792 | ||
| 003 | BD-RjUL | ||
| 005 | 20211209054603.0 | ||
| 008 | 160816s1967 bg ||||| |||| 00| 0 ben d | ||
| 020 | _c: Tk. 4.00 | ||
| 035 | _a(BD-RjUL)48911 | ||
| 040 |
_aBD-RjUL _bben _cBD-RjUL |
||
| 041 | _aben | ||
| 082 |
_223 _a891.4409 _bISS 1967 |
||
| 100 |
_aইসলাম, আমিনুল _9147136 |
||
| 245 | 1 | 0 |
_aসময় ও সাহিত্য / _cআমিনুল ইসলাম |
| 250 | _a১ম সং. | ||
| 260 |
_aঢাকা : _bসাম্প্রতিক প্রকাশনী, _c১৯৬৭ (১৩৭৪) |
||
| 300 |
_a[৬], ১২৮ পৃ. ; _c১৯ সেমি |
||
| 650 |
_aবাংলা সাহিত্য _xইতিহাস ও সমালোচনা _9147137 |
||
| 650 |
_aBengali Literature _xHistory and Criticism _9147138 |
||
| 942 |
_2ddc _cBK |
||
| 999 |
_c48792 _d48792 |
||